Historia de la codificación civil del Estado de Luisiana y su influencia en el Código Civil Argentino
Gardado en:
| Autor Principal: | |
|---|---|
| Formato: | Libro |
| Idioma: | Lingua castelá |
| Publicado: |
Buenos Aires
Universidad de Buenos Aires. Facultad de Derecho
2013
Buenos Aires Eudeba 2013 |
| Edición: | 1a. ed |
| Series: | Serie Tesis
|
| Subjects: | |
| Tags: |
Engadir etiqueta
Sen Etiquetas, Sexa o primeiro en etiquetar este rexistro!
|
MARC
| LEADER | 00000cam a2200000 a 4500 | ||
|---|---|---|---|
| 001 | UCD6140 | ||
| 003 | CL-VaPUC | ||
| 008 | 161118e20130800ag |||||||||||||||||spa|d | ||
| 020 | |a 9789502321738 | ||
| 082 | 0 | 4 | |a 346 |b PAR |2 21 |
| 100 | |a Parise, Agustín |e autor |9 592182 | ||
| 245 | 1 | 0 | |a Historia de la codificación civil del Estado de Luisiana y su influencia en el Código Civil Argentino |
| 250 | |a 1a. ed | ||
| 300 | |a 426 p | ||
| 942 | |c BK | ||
| 945 | |d 20161118 09:36:00 |a arojas | ||
| 260 | |a Buenos Aires |b Universidad de Buenos Aires. Facultad de Derecho |c 2013 | ||
| 260 | |a Buenos Aires |b Eudeba |c 2013 | ||
| 500 | |a Incluye cd | ||
| 650 | 0 | |a Derecho internacional |9 255637 | |
| 650 | 7 | |a CODIFICACION EUROPEA |2 CL-VaPUC |9 449983 | |
| 650 | 0 | |a Código civil |9 256135 | |
| 650 | 0 | |a Derecho comparado |9 255664 | |
| 650 | 0 | |a Filosofía del derecho |9 255050 | |
| 650 | 0 | |a Historia del derecho |9 255109 | |
| 651 | 0 | |a Argentina |9 254888 | |
| 583 | |a last modification |c 20161118 09:36:00 |k Rodrigo Vera | ||
| 490 | 0 | |a Serie Tesis | |
| 999 | |c 366515 |d 366513 | ||
| 952 | |0 0 |1 0 |3 erb |4 0 |6 346_000000000000000_PAR_2013_2013 |7 0 |8 A |9 480792 |a BIBDER |b BIBDER |i 5347920 |o 346 PAR 2013 2013 |p 5347920 |r 2023-01-25 |w 2019-11-24 |y BK |z Catalogado en:20161118 |k DER | ||